Modern Course in Business English (Record no. 353905)

MARC details
000 -LEADER
fixed length control field 005530000a22002290004500
005 - DATE AND TIME OF LATEST TRANSACTION
control field 20120302061420.0
040 ## - CATALOGING SOURCE
Original cataloging agency ENG
100 ## - MAIN ENTRY--PERSONAL NAME
Personal name Howalt Anthony
100 ## - MAIN ENTRY--PERSONAL NAME
Personal name Webb John
100 ## - MAIN ENTRY--PERSONAL NAME
Personal name Knight Michal
245 ## - TITLE STATEMENT
Title Modern Course in Business English
250 ## - EDITION STATEMENT
Edition statement Course Manual
260 ## - PUBLICATION, DISTRIBUTION, ETC. (IMPRINT)
Place of publication, distribution, etc London:Oxford University Press,1976
300 ## - PHYSICAL DESCRIPTION
Extent 12,164p.
365 ## - TRADE PRICE
Price amount Rs.
650 ## - SUBJECT ADDED ENTRY--TOPICAL TERM
Topical term or geographic name as entry element Language
650 ## - SUBJECT ADDED ENTRY--TOPICAL TERM
Topical term or geographic name as entry element English Language
650 ## - SUBJECT ADDED ENTRY--TOPICAL TERM
Topical term or geographic name as entry element Course Manual
650 ## - SUBJECT ADDED ENTRY--TOPICAL TERM
Topical term or geographic name as entry element Course-Business English
650 ## - SUBJECT ADDED ENTRY--TOPICAL TERM
Topical term or geographic name as entry element Guide-Course
942 ## - ADDED ENTRY ELEMENTS (KOHA)
Koha item type Book
Holdings
Withdrawn status Lost status Damaged status Not for loan Home library Current library Date acquired Total Checkouts Barcode Date last seen Price effective from
        Institute For Oriental Study, Thane Institute For Oriental Study, Thane 12/02/2009   IOS-13365 12/02/2009 12/02/2009